1300 1342 1222 1805 1190 1259 1903 1812 1552 1949 1972 1808 1737 1943 2000 1754 1739 1027 1698 1327 1886 1516 1512 1573 1619 1606 1418 1845 1195 1359 1916 1494 1209 1616 1354 1796 1529 1026 1638 1104 1121 1848 1124 1695 1480 1513 1167 1050 1530 1283 1609 1122 1389 1178 1749 1284 1995 1410 1825 1437 1159 1701 1959 1702 1417 1371 1063 1164 1643 1481 1627 1262 1897 1739 1778 1025 1127 1263 1477 1574 1951 1922 1439 1468 1430 1474 1714 1678 1409 1332 1594 1123 1084 1808 1351 1457 1328 1316 1465 BCNSPRNW ULIB Ver.6.0+V

เปลี่ยนเป็นภาษาไทย

Change to English
 แสดงรายละเอียดบรรณานุกรม
  กลับหน้าหลัก

Brief Record : Get Marc (ISO 2709) : E-mail record : QR code < ปิดหน้าต่าง
LEADER : 00000nam 2200000uu 4500
001    13399121936
003     ULIB
008    121002s2546||||th 000 0 tha d
020    ^a9745347043
020    9789745347045
060  4 ^aWM55^bส721จ
100 0  ^aสิทธิโชค วรานุสันติกูล
245 10 ^aจิตวิทยาสังคม :^bทฤษฏีและการประยุกต์ = Social psychology:^btheories and applications /^cสิทธิโชค วรานุสันติกูล
246 31 ^aSocial psychology: theories and applications
260    ^aกรุงเทพฯ :^bซีเอ็ดยูเคชั่น,^c2546
300    ^a346 หน้า ;^c26 ซม.
650  7 ^aจิตวิทยาสังคม
945    ^p220^l0^i12115
945    ^p220^l0^i14843
945    ^p220^l0^i14844
995    ^aทศพร
999 ^a ทศพร
รายการนี้ยังไม่มีแท็ก
คุณยังไม่ได้ล็อกอิน คุณสามารถมีกิจกรรมร่วมกับเว็บไซต์ได้ แต่ต้องล็อกอินก่อน ::
  ล็อกอิน

รายการสื่อสารสนเทศ

ลำดับที่ ประเภท เลขเรียก/บาร์โค้ด สถานที่ สถานะ
1. วิทยาศาสตร์การแพทย์ และสุขภาพ
วิทยาศาสตร์การแพทย์ และสุขภาพ
WM55 ส721จ ฉ.1 
  Barcode: 12115
ห้องสมุดวิทยาเขตสวรรค์ประชารักษ์
►หนังสือทั่วไป
บนชั้น
2. วิทยาศาสตร์การแพทย์ และสุขภาพ
วิทยาศาสตร์การแพทย์ และสุขภาพ
WM55 ส721จ ฉ.2 
  Barcode: 14843
ห้องสมุดวิทยาเขตสวรรค์ประชารักษ์
►หนังสือทั่วไป
บนชั้น
3. วิทยาศาสตร์การแพทย์ และสุขภาพ
วิทยาศาสตร์การแพทย์ และสุขภาพ
WM55 ส721จ ฉ.3 
  Barcode: 14844
ห้องสมุดวิทยาเขตสวรรค์ประชารักษ์
►หนังสือทั่วไป
บนชั้น

รายการใกล้เคียง
    ผู้แต่ง [สิทธิโชค วรานุสันติกูล]

    หัวเรื่อง [จิตวิทยาสังคม]

BibComment


ยังไม่เคยถูกคอมเมนท์

คอมเมนท์ทรัพยากรรายการนี้
  คอมเมนท์: จิตวิทยาสังคม ท..


 Copyright 2026. Bcnsprnw @Library